000
00302nam a22001337a 4500
008
170905b xxu||||| |||| 00| 0 eng d
020
_a
9780321330789
041
_a
eng
080
_2
10 ED
_a
070
100
_a
40
101
_a
MED
245
_a
TECHNICAL COMMUNICATION
_c
LANNON.J.M
942
_2
udc
_c
BK
999
_c
26084
_d
26084